Most Popular Cities To Visit In The World - Statistics

General Stats
  • This quiz has been taken 133 times
  • The average score is 8 of 10
Answer Stats
Rank Region Tourist Visits Things To See City % Correct
2 Western Europe 19.83 million Big Ben London
99%
6 North America 13.1 million 2 World Trade Center New York
99%
3 Western Europe 17.44 million Notre Dame Paris
98%
4 Middle East 15.8 million Burj Kkalifa Dubai
90%
8 East Asia 11.9 million Tsukiji Market Tokyo
88%
1 Southeast Asia 20.05 million Wat Pho Reclining Buddha Bangkok
76%
9 Eastern Europe 10.7 million Hagia Sophia Museum Istanbul
75%
10 East Asia 9.5 million Gyeongbokgung Palace Seoul
75%
7 Southeast Asia 12.6 million Petronas Twin Towers Kuala Lumpur
74%
5 Southeast Asia 13.91 million Orchard Road Singapore
70%
No matching quizzes found
Score Distribution
Percent of People with Each Score
Percentile by Number Answered
Your Score History
You have not taken this quiz